Život blahoslaveného Antona (opáta a pustovníka)

Podrobná bibliografia
Hlavný autor: Athanasius Alexandrinus, 293-373 (Autor)
Ďalší autori: Lucký, Metod, 1919-2008 (Prekladateľ, Autor úvodu atď.)
Médium: Kniha
Jazyk:slovenčina
latinčina
Fyzický popis:131, [4] s. V. 12°
Vydavateľské údaje: Trnava Spolok sv. Vojtecha 1950
Edícia:Ad fontes
Predmet:

MARC

LEADER 00000cam a2200000 a 4500
001 vtls008362928
003 SK-MaSNL
005 20260302074551.0
008 251031s1950 xo 000 0 slo
015 |a SNBA19451955-000351 
035 |a SK01SNKBKSFS20010055145 
035 |a urn:nbn:sk:snk-am3hv4i 
035 |a 715DA41E-62C5-4EB0-A9AA-D120AE0A7C21 
035 |a urn:nbn:sk:snk-am00da37 
035 |a SKM000057608 
040 |a SNK  |b slo  |c SNK  |e AACR2 
041 1 |a slo  |h lat 
044 |a xo  |c SK 
080 |a 244  |2 1981 
100 0 |a Athanasius Alexandrinus,  |d 293-373  |4 aut  |9 72221 
240 1 0 |a Vita beati Antonii Abbatis  |l Slovensky 
245 1 0 |a Život blahoslaveného Antona (opáta a pustovníka)  |c svätý Atanáz biskup alexandrijský ; [z orig. Vita et conversatio s P. nostri Antonii preložil a úvod napísal. Metod Lucký] 
260 |a Trnava  |b Spolok sv. Vojtecha  |c 1950  |e Trnava  |f Západoslovenské tlačiarne 
300 |a 131, [4] s.  |c V. 12° 
366 |e 3300 výtl. 
490 1 |a Ad fontes 
500 |a Frontispice 
600 0 7 |a Anton Veľký,  |c svätý,  |d asi 251/252-356  |2 SNKMA  |9 172718 
655 7 |a biografie  |2 SNKPH  |9 27965 
700 1 |a Lucký, Metod,  |d 1919-2008  |4 trl  |4 aui  |9 38279 
830 0 |a Ad fontes  |9 344970 
852 |a Slovenská národná knižnica 
954 |a duchovná literatúra cudzojazyčná (svetová)  |2 lita 
958 |a OND 
958 |a RK 
958 |a EUIPO 
999 |c 1165535  |d 1167465 
952 |a SNK  |b SNK  |y VYP  |7 0  |p 17A1189111  |o snkSE 1427 D1  |i snkKSF 441/58  |8 5  |0 0  |1 0  |4 0  |d 2018-01-08  |l 0  |r 2026-02-24 20:47:26  |w 2026-02-24 
952 |a SNK  |b SNK  |y PREZ  |7 0  |p 17A0733421  |o snkSE 1427  |i snk421/51  |0 0  |1 0  |4 0  |d 2017-12-04  |f 1  |l 0  |r 2026-02-24 20:47:26  |w 2026-02-24